| 000 | 00714nam a22002177a 4500 | ||
|---|---|---|---|
| 999 |
_c11284 _d11284 |
||
| 003 | AR-CdUCM | ||
| 008 | 190403b ||||| |||| 00| 0 spa d | ||
| 040 |
_aMUNICIPALIDAD PROVINCIAL DEL CUSCO _cBIBLIOTECA MUNICIPAL DEL CUSCO |
||
| 082 |
_a335.8 / _bK83 / |
||
| 100 |
_aKropotkine, P. _928578 |
||
| 245 |
_aLas prisiones : _bEl salariado la moral anarquista / |
||
| 260 |
_aValencia : _bSempere y C, |
||
| 300 |
_a204 páginas ; _c17 cm. |
||
| 505 | _aContenido : Las prisiones -- El salariado -- La moral anarquista ... | ||
| 650 |
_aPrisiones _98398 |
||
| 650 |
_aAnarquista _928579 |
||
| 650 |
_aSalariado _928580 |
||
| 700 |
_aHeras, Eusebio (Traductor) _928581 |
||
| 942 |
_2ddc _cLIBROS |
||
| 945 | _arah | ||